| 000 | 00922cam a2200229 4500 | ||
|---|---|---|---|
| 008 | 090401t1989 xxu||||| |||| 00| 0 eng d | ||
| 020 | _a0906182395 | ||
| 035 | _a(Sirsi) u17808 | ||
| 041 | _aeng | ||
| 050 | _a690.24 | ||
| 110 |
_aBuilding Maintenance Information Ltd _92307 |
||
| 245 | _aBuilding maintenance : investment for the future: report of the Committee of Building Maintenance (Revisited) | ||
| 260 |
_aKingston upon Thames _bBuilding Maintenance Information Ltd _c1989 |
||
| 300 | _aii,75p. ; 30cm. | ||
| 350 | _a12.5 | ||
| 490 |
_aSerial _v176/177 |
||
| 520 | _aThis item is part of a subscription service and cannot be photocopied. Neither can be any part of it be read out over the phone. Please contact BMI direct on 0171 222 7000 for details. Papers from a conference held on 8th December 1988. | ||
| 650 | _aBMI | ||
| 700 |
_aRobertson, Douglas. _xEditor |
||
| 942 | _n0 | ||
| 948 | _c04/03/1997 | ||
| 999 |
_c87550 _d87550 |
||